[Mark Pittaway: The Workers´ State]
| Titel: | [Mark Pittaway: The Workers´ State] / Ulf Brunnbauer |
|---|---|
| Verfasser: | |
| In: |
Journal of contemporary Central and Eastern Europe, Band 24, Heft 1 (2016), Seite 103-106 alle Artikel anzeigen |
| Veröffentlicht: | 2016 |
| Format: | Aufsatz |
| Sprache: | Englisch |
X
alg: 46905351 001A $03025:09-09-20 001B $01999:27-07-21 $t17:21:42.000 001D $03025:09-09-20 001U $0utf8 001X $00 002@ $0Oou 002C $aText $btxt $2rdacontent 002D $aComputermedien $bc $2rdamedia 002E $aOnline-Ressource $bcr $2rdacarrier 003@ $0469053518 004P $010.1080/0965156X.2016.1170333 007A $0469053518 $aHEB 010@ $aeng 010E $erda 011@ $a2016 013D $#Newspapers Sections, columns, etc. Reviews $#Book reviewing $#Journaux Cahiers, chroniques, etc. Comptes rendus $#Livres Recension $#Rezension $#Buchbesprechung $#Buchrezension $#Buchkritik $74049712-4 $8Rezension [Ts1] $9085138568 021A $a[Mark Pittaway: The Workers´ State] $hUlf Brunnbauer 028A $BVerfasser $#Brunnbauer, Ulf $#Brunbauer, Ulf $4aut $7120688824 $8Brunnbauer, Ulf$Z1970- [Tp1] $9152234101 031A $d24 $e1 $h103-106 $j2016 039B $aEnthalten in $8--Obvc--. Journal of contemporary Central and Eastern Europe. - Abingdon, Ofordshire : Routlegde, Taylor & Francis Group, 2015-. - Online-Ressource. - ISSN 2573-9646 $x201600000240001897 $9426937147 039T $8--Aax--Pittaway, Mark$Z1971-2010 [Tp3]. The @workers' state. - Pittsburgh, Pa. : University of Pittsburgh Press, 2012. - ix, 386 p.. - ISBN 978-0-8229-4420-1 $9331802775 045F $a900.9439 $eDDC23BSB 045F/01 $a900 045F/03 $g439 lok: 46905351 78 exp: 46905351 78 1 #EPN 201B/01 $009-09-20 $t10:45:17.000 201C/01 $009-09-20 201U/01 $0utf8 203@/01 $0112267774X 208@/01 $a09-09-20 $be 209A/01 $a/ $f000 $x00 209A/01 $ab*p $x01 220C/01 $apgar 244Z/01 $#Ungarn $#Ungarn $#Ungarische Räterepublik $#Königreich Ungarn $#Die @Länder der ungarischen Krone $#Transleithanien $#Magyarország $#Magyar Köztársaság $#Magyar Tanácsköztársaság $#Government of the Hungarian Republic $#Zemalja Ugarske Krune $#VNR $#Ungern $#Ungarische Republik $#Republik Ungarn $#Ungarische Volksrepublik $#Volksrepublik Ungarn $#Magyar Népköztársaság $#Hungary $#Hungarian Republic $#Hongrie $#Vengerskaja Narodnaja Respublika $#Hungarian People's Republic $#HPR Hungarian People's Republic $#République Populaire Hongroise $#Ungarische VR $#Republic of Hungary $#Vengrija $74078541-5 $8--Tgz--Ungarn $x01 $9085222712 247C/01 $82080>Marburg/Lahn, Herder-Institut, Forschungsbibliothek, Bibliographieportal $9336309341
| LEADER | 00000caa a2200000 c 4500 | ||
|---|---|---|---|
| 001 | 469053518 | ||
| 003 | DE-603 | ||
| 005 | 20210727172142.0 | ||
| 007 | cr|||||||||||| | ||
| 008 | 200909s2016 xx |||| o| u00||u|eng c | ||
| 024 | 7 | |a 10.1080/0965156X.2016.1170333 |2 doi | |
| 035 | |a (DE-599)HEB469053518 | ||
| 040 | |a DE-603 |b ger |c DE-603 |d DE-603 |e rda | ||
| 041 | |a eng | ||
| 082 | 0 | 4 | |8 1\u |a 900.9439 |q DE-101 |2 23/BSB |
| 085 | |8 1\u |b 900 | ||
| 085 | |8 1\u |z 2 |s 439 | ||
| 100 | 1 | |a Brunnbauer, Ulf |d 1970- |e Verfasser |4 aut |0 (DE-603)152234101 |0 (DE-588)120688824 |2 gnd | |
| 245 | 0 | 0 | |a [Mark Pittaway: The Workers´ State] |c Ulf Brunnbauer |
| 264 | 0 | |c 2016 | |
| 336 | |a Text |b txt |2 rdacontent | ||
| 337 | |a Computermedien |b c |2 rdamedia | ||
| 338 | |a Online-Ressource |b cr |2 rdacarrier | ||
| 655 | 7 | |a Rezension |2 gnd-content |0 (DE-588)4049712-4 |0 (DE-603)085138568 | |
| 773 | 0 | 8 | |i Enthalten in |t Journal of contemporary Central and Eastern Europe |d Abingdon, Ofordshire : Routlegde, Taylor & Francis Group, 2015- |h Online-Ressource |x 2573-9646 |g Band 24, Heft 1 (2016), Seite 103-106 |w (DE-603)426937147 |w (DE-600)2922261-8 |
| 787 | 0 | 8 | |i Rezension von |a Pittaway, Mark, 1971-2010 |t The workers' state |d Pittsburgh, Pa. : University of Pittsburgh Press, 2012 |h ix, 386 p. |z 9780822944201 |w (DE-603)331802775 |
| 924 | 1 | |9 2080 |a (DE-603)112267774X |b DE-2080 |c HES |d d |g / | |


